|
|
|
|
| LEADER |
00000nab a2200000 a 4500 |
| 001 |
vtls000495484 |
| 003 |
SK-MaSNL |
| 005 |
20260303004748.0 |
| 008 |
120927c1993 xo 0 slo |
| 015 |
|
|
|a SNBRB19rr/mm-uuuuu
|
| 035 |
|
|
|a CL0495622
|
| 040 |
|
|
|a SNKBUCL
|b slo
|c SNKBUCL
|e AACR2
|
| 041 |
0 |
|
|a slo
|
| 044 |
|
|
|a xo
|c SK
|
| 080 |
|
|
|a 634.85:631.527
|2 1981
|
| 080 |
|
|
|a 631.527
|2 1981
|
| 100 |
1 |
|
|a Hamadejová, Anna
|4 aut
|9 984119
|
| 245 |
1 |
0 |
|a Z výsledkov klonovej selekcie viniča hroznorodého v Orechovej
|c Anna Hamadejová
|
| 300 |
|
|
|b Tab. 2
|
| 650 |
0 |
7 |
|a vinič hroznorodý
|2 snkbucl
|9 15944
|
| 650 |
0 |
7 |
|a selekcia klonová
|2 snkbucl
|9 983699
|
| 650 |
0 |
7 |
|a Výskumná stanica vinohradnícka a vinárska, Orechová
|2 snkbucl
|9 984120
|
| 655 |
|
7 |
|a články z novín a časopisov
|2 snkbucl
|9 267496
|
| 773 |
0 |
|
|t Vinohrad
|g Roč. 31, č. 9 (1993), s. 132-134
|x 0042-6326
|
| 850 |
|
|
|a Slovenská národná knižnica v Martine
|a MTA001
|
| 852 |
|
|
|a SNK
|b KIS3GCP
|
| 958 |
|
|
|a RK
|
| 992 |
|
|
|a RBX
|
| 999 |
|
|
|c 1579310
|d 1581240
|